|
|
|
|
| LEADER |
00000nam0a2200000 4500 |
| 001 |
41923 |
| 005 |
20231031014739.0 |
| 010 |
|
|
|a 5238003609
|
| 035 |
|
|
|a (RuTPU)RU\TPU\book\43065
|
| 090 |
|
|
|a 41923
|
| 100 |
|
|
|a 20020704d2002 m y0rusy50 ca
|
| 101 |
0 |
|
|a rus
|
| 102 |
|
|
|a RU
|
| 105 |
|
|
|a y j 001zy
|
| 200 |
1 |
|
|a Система государственного управления
|e учебник для вузов
|f Н. И. Глазунова
|
| 210 |
|
|
|a Москва
|c ЮНИТИ-ДАНА
|d 2002
|
| 215 |
|
|
|a 551 с.
|
| 333 |
|
|
|a Исключено из фонда НТБ ТПУ
|
| 700 |
|
1 |
|a Глазунова
|b Н. И.
|g Нэлли Ивановна
|
| 801 |
|
1 |
|a RU
|b 63413507
|c 20020704
|g PSBO
|
| 801 |
|
2 |
|a RU
|b 63413507
|c 20220620
|g PSBO
|
| 942 |
|
|
|c BK
|